It looks like you're offline.
Open Library logo
additional options menu

MARC record from Internet Archive

LEADER: 01089 am a2200337ua 4500
001 010047665
003 Uk
005 20191230144216.0
008 830725r19761961enk || 000 ||eng
015 $aGB8329596$2bnb
019 y $ab8329596
019 9 $a0330500295
019 1 $a0330500295
020 $a0330500295 (pbk) :$c£0.95
039 0 $a1751
040 $aUk$cUk$dUk
050 00 $aPR4172.W73
082 04 $a823.8$219
100 1 $aCarrington, Norman T.$q(Norman Thomas),$eauthor.
245 10 $aBrodie's notes on Emily Bronte's Wuthering Heights /$cNorman T. Carrington.
260 $aLondon :$bPan Educational,$c1976, c1960.
300 $ax, 68p. ;$c20 cm.
336 $atext$2rdacontent
337 $aunmediated$2rdamedia
338 $avolume$2rdacarrier
490 0 $aPan study aids
500 $aOriginally published: London : Brodie, 1961.
600 10 $aBrontë, Emily,$d1818-1848.$tWuthering Heights.
653 $aFiction in English$aBrontë, Emily$a1818-1848
700 1 $aBrontë, Emily,$d1818-1848.$tWuthering Heights.
852 41 $aBritish Library$bHMNTS$jX.958/16504